[Event "Foment Martinenc op-B 16th"]
[Site "Barcelona"]
[Date "2014.04.26"]
[Round "1"]
[White "Bota Carbo, Jordi"]
[Black "Moya Nunez, Pau Salvador"]
[Result "1-0"]
[WhiteElo "1934"]
[BlackElo "1757"]
[PlyCount "75"]
[EventDate "2014.04.26"]
[EventType "swiss"]
[EventRounds "9"]
[EventCountry "ESP"]
[SourceTitle "EXT 2015"]
[Source "ChessBase"]
[SourceDate "2014.11.20"]
[SourceVersion "1"]
[SourceVersionDate "2014.11.20"]
[SourceQuality "1"]

1. d4 d5 2. c4 c6 3. Nf3 Bg4 4. e3 e6 5. Be2 Nf6 6. 0-0 Qc7 7. c5 b6 8. b4 Nbd7 9. Nc3 e5 10. a4 a5 11. cxb6 Qxb6 12. bxa5 Qxa5 13. Bd2 Qc7 14. dxe5 Nxe5 15. Nxe5 Bxe2 16. Qxe2 Qxe5 17. a5 Bb4 18. f4 Qh5 19. Qxh5 Nxh5 20. a6 0-0 21. Rfd1 Rfe8 22. Kf2 Re7 23. Nxd5 cxd5 24. Bxb4 Rd7 25. Bc5 Nf6 26. Kf3 Rc7 27. Bd4 Nd7 28. a7 f5 29. Ra5 Nf6 30. Bxf6 gxf6 31. Rdxd5 Rcxa7 32. Rxa7 Rxa7 33. Rxf5 Kg7 34. Rc5 Kg6 35. h4 f5 36. g4 fxg4+ 37. Kxg4 h5+ 38. Rxh5 1-0